[Event "Wellington Club Championship - Open Swiss"]
[Site "Wellington Chess Club"]
[Date "2023.11.09"]
[Round "7.3"]
[White "Hunt, Liam"]
[Black "Aldridge, Alan"]
[Result "0-1"]
[WhiteElo "1690"]
[BlackElo "1894"]
[PlyCount "63"]
[EventDate "2023.09.28"]

1. e4 e5 2. Nf3 Nc6 3. Bc4 Bc5 4. c3 Nf6 5. d4 exd4 6. cxd4 Bb4+ 7. Nbd2
d5 8. exd5 Nxd5 9. O-O O-O 10. a3 Be7 11. b4 Bf6 12. Ne4 Be6 13. Nxf6+ Qxf6 14.
Bg5 Qg6 15. Qd2 f6 16. Bh4 Rad8 17. Rfe1 Rfe8 18. Rac1 a6 19. b5 axb5 20. Bxb5
Kh8 21. Bxc6 bxc6 22. Rxc6 Bg4 23. Rxe8+ Rxe8 24. Ne1 Nf4 25. f3 Bxf3 26. Nxf3
Re2 27. Qxe2 Nxe2+ 28. Kf2 Nf4 29. Bg3 Qe4 30. Bxf4 Qxc6 31. Nd2 Qd5 32. Be3
0-1

[Event "Wellington Club Championship - Open Swiss"]
[Site "Wellington Chess Club"]
[Date "2023.11.09"]
[Round "7.4"]
[White "Pollock, Gavin"]
[Black "Katkodia, Ali"]
[Result "0-1"]
[WhiteElo "1825"]
[BlackElo "1609"]
[PlyCount "48"]
[EventDate "2023.??.??"]

1. e4 d6 2. d4 Nf6 3. Nc3 g6 4. Be3 Bg7 5. Bc4 c6
6. f3 Qc7 7. Qd2 Nbd7 8. Bh6 Bxh6 9. Qxh6 Nb6 10. Bb3 Rg8 11. Nh3 Bxh3 12. Qxh3
Nbd7 13. O-O-O e6 14. Rhe1 O-O-O 15. Re3 h5 16. d5 cxd5 17. exd5 e5 18. Nb5 Qb6
19. Rc3+ Kb8 20. a4 Rc8 21. Qh4 a6 22. Rxc8+ Rxc8 23. Na3 Qxb3 24. Rd3 Qxd3 0-1

[Event "Wellington Club Championship - Open Swiss"]
[Site "Wellington Chess Club"]
[Date "2023.11.09"]
[Round "7.5"]
[White "Henrys, Francis"]
[Black "Osborne, Geoff"]
[Result "0-1"]
[WhiteElo "1690"]
[BlackElo "1434"]
[PlyCount "79"]
[EventDate "2023.09.28"]

1. e4 e5 2. Nf3 Nc6 3. Bb5 Nf6 4. Nc3 Bc5 5. O-O O-O 6. Bxc6 bxc6 7. Nxe5 Bb7 8.
d4 Bb6 9. Bg5 d5 10. Qf3 Bxd4 11. Ng4 h5 12. Nxf6+ Bxf6 13. Bxf6 Qxf6 14. Qxh5
Rfe8 15. Rfe1 Re5 16. Qg4 Rae8 17. f4 R5e7 18. e5 Qh6 19. Rad1 Bc8 20. Qg3 Bf5
21. Ne2 Bxc2 22. Rc1 Bf5 23. Nd4 Bd7 24. Rc3 Rb8 25. b3 Rb4 26. Qe3 Re8 27. a3
Rb6 28. Qg3 c5 29. Rxc5 Rg6 30. Qf3 Bh3 31. Qf2 Rxg2+ 32. Qxg2 Bxg2 33. Kxg2
Qxf4 34. Rxd5 Qg5+ 35. Kh1 Rd8 36. Rg1 Qh4 37. Nf3 Qe7 38. Ra5 Rd3 39. Ng5 Qd7
40. Rc1 0-1

[Event "Wellington Club Championship - Open Swiss"]
[Site "Wellington Chess Club"]
[Date "2023.11.09"]
[Round "7.6"]
[White "Sole, Michael"]
[Black "Brockway, Andrew"]
[Result "1-0"]
[WhiteElo "2130"]
[BlackElo "1653"]
[PlyCount "61"]
[EventDate "2023.11.09"]

1. d4 Nf6 2. c4 e6 3. Nf3 Bb4+ 4. Nbd2 O-O 5. a3 Bxd2+ 6. Bxd2 d6 7. Bg5 Nbd7
8. Qc2 Qe7 9. e3 e5 10. Be2 e4 11. Nd2 Re8 12. O-O h6 13. Bh4 Nf8 14. Rae1 Bf5
15. Qb3 b6 16. f3 g5 17. Bg3 Bg6 18. Bd1 N8d7 19. Qc3 Rac8 20. Ba4 c6 21. b4 b5
22. Bb3 bxc4 23. Nxc4 Nd5 24. Qd2 exf3 25. gxf3 Qe6 26. Nxd6 Qe7 27. Nxc8 Rxc8
28. Rf2 Re8 29. Rg2 Bh5 30. e4 Bxf3 31. exd5 1-0

[Event "Wellington Club Championship - Open Swiss"]
[Site "Wellington Chess Club"]
[Date "2023.11.09"]
[Round "7.7"]
[White "Saglam, Yigit"]
[Black "Sova, Leo"]
[Result "0-1"]
[WhiteElo "1775"]
[BlackElo "1645"]
[PlyCount "74"]
[EventDate "2023.??.??"]

1. d4 d5 2. c4 e6
3. Nf3 Nf6 4. g3 Be7 5. Bg2 O-O 6. Qc2 a6 7. O-O dxc4 8. Qxc4 b5 9. Qc2 Bb7 10.
Nbd2 Nbd7 11. Nb3 Be4 12. Qd1 c5 13. dxc5 Nxc5 14. Nxc5 Bxc5 15. Qxd8 Rfxd8 16.
Bg5 Be7 17. Ne5 Bxg2 18. Kxg2 Nd5 19. Bxe7 Nxe7 20. Rfe1 f6 21. Nd3 Rac8 22.
Rac1 a5 23. Kf3 Kf7 24. b3 h5 25. h4 Rxc1 26. Rxc1 Rc8 27. Rxc8 Nxc8 28. Ke4
Ke7 29. Kd4 Kd6 30. f4 Ne7 31. e4 Nc6+ 32. Kc3 e5 33. b4 axb4+ 34. Nxb4 Nxb4
35. Kxb4 Kc6 36. f5 Kb6 37. a4 bxa4 0-1

[Event "Wellington Club Championship - Open Swiss"]
[Site "Wellington Chess Club"]
[Date "2023.11.09"]
[Round "7.9"]
[White "Joseph, Joji Chacko"]
[Black "Saglam, Azra Sena"]
[Result "1/2-1/2"]
[WhiteElo "1305"]
[BlackElo "1546"]
[PlyCount "72"]
[EventDate "2023.09.28"]

1. e4 c5 2. c3 d5 3. exd5 Qxd5 4. d4 Nc6 5. dxc5 Qxd1+ 6. Kxd1 Bf5 7. Be3 Nf6
8. Nf3 Ng4 9. Bb5 Rc8 10. Ke2 Nxe3 11. fxe3 e6 12. b4 Be7 13. Nbd2 O-O 14. Nd4
Bg4+ 15. N2f3 e5 16. Nxc6 bxc6 17. Ba6 Rc7 18. h3 Bxf3+ 19. gxf3 g6 20. Kd3 f5
21. e4 Kg7 22. Rhf1 Bg5 23. Kc4 Rcf7 24. Kb3 fxe4 25. fxe4 Rxf1 26. Rxf1 Rxf1
27. Bxf1 Kf6 28. b5 cxb5 29. c6 Ke6 30. Bxb5 Kd6 31. Kc4 Bf4 32. Kb4 Bd2 33.
Kb3 Be3 34. Kc2 g5 35. Kd3 Bb6 36. Ke2 h5 1/2-1/2

[Event "Wellington Club Championship - Open Swiss"]
[Site "Wellington Chess Club"]
[Date "2023.11.09"]
[Round "7.13"]
[White "He, Zachary"]
[Black "Mavaram, Eashan"]
[Result "0-1"]
[WhiteElo "1150"]
[BlackElo "1525"]
[PlyCount "60"]
[EventDate "2023.??.??"]

1. e4 c6 2. d4 d5 3.
Nc3 dxe4 4. Nxe4 Nf6 5. Bd3 Qxd4 6. Nxf6+ Qxf6 7. Nf3 Bg4 8. Bg5 Bxf3 9. Bxf6
Bxd1 10. Bd4 Bh5 11. f3 e6 12. O-O-O Nd7 13. c3 Bg6 14. Bxg6 hxg6 15. h3 c5 16.
Be3 Nf6 17. Rd2 Nd5 18. Re1 Be7 19. Rxd5 exd5 20. Bxc5 Kd7 21. Rxe7+ Kc6 22.
Bd4 Rae8 23. Rxf7 Re2 24. Bxg7 Rhe8 25. Rf6+ Kc5 26. Rxg6 d4 27. Bxd4+ Kc4 28.
b3+ Kd3 29. Rg5 Rc2+ 30. Kd1 Rd2+ 0-1

[Event "Wellington Club Championship - Open Swiss"]
[Site "Wellington Chess Club"]
[Date "2023.11.09"]
[Round "7.17"]
[White "Hupert, Leo"]
[Black "He, Jacob"]
[Result "1-0"]
[WhiteElo "1350"]
[BlackElo "889"]
[PlyCount "53"]
[EventDate "2023.??.??"]

1. e4 e5 2. Nc3 Nc6 3. Bc4 Nf6 4.
a3 Bc5 5. h3 d6 6. d3 Bd7 7. Bg5 h6 8. Bxf6 Qxf6 9. Qf3 Nd4 10. Qxf6 gxf6 11.
O-O-O f5 12. Nd5 O-O-O 13. Ne7+ Kb8 14. c3 Nc6 15. Nxf5 Bxf5 16. exf5 d5 17.
Ba2 Bxf2 18. Nf3 Rhg8 19. g4 f6 20. Rh2 Bg3 21. Rg2 Bf4+ 22. Kb1 a6 23. Nd2 Rg7
24. Nb3 d4 25. c4 Re7 26. Nc5 e4 27. dxe4 {Black resigned} 1-0

[Event "Wellington Club Championship - Open Swiss"]
[Site "Wellington Chess Club"]
[Date "2023.11.16"]
[Round "8.1"]
[White "Pomeroy, Arthur"]
[Black "Marney, John"]
[Result "1/2-1/2"]
[WhiteElo "2021"]
[BlackElo "1658"]
[PlyCount "45"]
[EventDate "2023.??.??"]

1. e4 e5
2. Nf3 Nc6 3. Bb5 Bc5 4. O-O Nd4 5. Nxd4 Bxd4 6. c3 Bb6 7. d4 c6 8. Bc4 d6 9.
dxe5 dxe5 10. Qxd8+ Bxd8 11. Be3 Bb6 12. Bxb6 axb6 13. Nd2 Ke7 14. Rfd1 Nf6 15.
a3 Be6 16. f3 Rhd8 17. Bxe6 Kxe6 18. Nc4 b5 19. Ne3 g6 20. Kf2 Rd7 21. Rxd7
Nxd7 22. Rd1 Nb6 23. Ke2 1/2-1/2

[Event "Wellington Club Championship - Open Swiss"]
[Site "Wellington Chess Club"]
[Date "2023.11.16"]
[Round "8.2"]
[White "Aldridge, Alan"]
[Black "Chang, Luke"]
[Result "0-1"]
[WhiteElo "1894"]
[BlackElo "1632"]
[PlyCount "82"]
[EventDate "2023.??.??"]

1. e4 c6 2. d4 d5 3. exd5
cxd5 4. c4 Nf6 5. Nc3 g6 6. cxd5 Bg7 7. Bc4 O-O 8. Nf3 Nbd7 9. O-O Nb6 10. Bb3
Bg4 11. h3 Bc8 12. Bg5 Nbxd5 13. Re1 Be6 14. Rc1 h6 15. Bh4 a6 16. Ne5 Rc8 17.
Nxg6 Nxc3 18. bxc3 Bxb3 19. Nxe7+ Qxe7 20. Qf3 Be6 21. d5 Bxd5 22. Rxe7 Bxf3
23. gxf3 Nd5 24. Rxb7 Nxc3 25. Re1 Rfe8 26. Rxe8+ Rxe8 27. Rb6 Re6 28. Rb8+ Kh7
29. a3 Ne2+ 30. Kf1 Nf4 31. Rb7 Kg6 32. Bg3 Be5 33. Bxf4 Bxf4 34. Rb4 Bd6 35.
Rg4+ Kf5 36. a4 a5 37. Rd4 Bb4 38. Rd7 Re1+ 39. Kg2 Ke6 40. Rd8 Kf6 41. Rh8 Kg7
0-1

[Event "Wellington Club Championship - Open Swiss"]
[Site "Wellington Chess Club"]
[Date "2023.11.16"]
[Round "8.3"]
[White "Forster, Bill"]
[Black "Farrington, Lawrence"]
[Result "1-0"]
[WhiteElo "2016"]
[BlackElo "1506"]
[PlyCount "109"]
[EventDate "2023.??.??"]

1. d4 Nf6 2. Nc3 e6
3. e4 d5 4. Bg5 Be7 5. e5 Nfd7 6. Bxe7 Qxe7 7. f4 a6 8. Nf3 c5 9. Bd3 Nc6 10.
O-O cxd4 11. Ne2 Qc5 12. Kh1 Qb6 13. Ng3 Nc5 14. Ng5 Nxd3 15. cxd3 Qd8 16. Qh5
Qe7 17. Rae1 Bd7 18. f5 O-O-O 19. Nxf7 g6 20. Nd6+ Kb8 21. f6 gxh5 22. fxe7
Nxe7 23. Nf7 Bb5 24. Nxd8 Rxd8 25. Rf6 h4 26. Rxe6 Ng6 27. Nf5 Bxd3 28. Nxd4
Be4 29. Rd6 Rc8 30. e6 h3 31. Ne2 Rc2 32. Rd8+ Kc7 33. Rd7+ Kc8 34. Rg7 Bxg2+
35. Kg1 b6 36. e7 Nxe7 37. Rxe7 Be4 38. Rf1 Kd8 39. Rg7 Ke8 40. Rc1 Kf8 41.
Rxc2 Bxc2 42. Rc7 Be4 43. Nd4 Ke8 44. Kf2 b5 45. Ke3 Kd8 46. Ra7 b4 47. Kf4 Bb1
48. Ke5 Bxa2 49. Kd6 Ke8 50. Ke6 Kf8 51. Kf6 Ke8 52. Rxa6 Bb1 53. Ke6 Kf8 54.
Nf5 Bxf5+ 55. Kxf5 1-0

[Event "Wellington Club Championship - Open Swiss"]
[Site "Wellington Chess Club"]
[Date "2023.11.16"]
[Round "8.4"]
[White "Osborne, Geoff"]
[Black "Sova, Leo"]
[Result "0-1"]
[WhiteElo "1434"]
[BlackElo "1645"]
[PlyCount "68"]
[EventDate "2023.??.??"]

1. e4 e5 2. Nf3 Nc6
3. d4 exd4 4. Bc4 Nf6 5. e5 d5 6. Bb5 Ne4 7. Nxd4 Bd7 8. Bxc6 Bxc6 9. Nxc6 bxc6
10. O-O Bc5 11. Be3 Bxe3 12. fxe3 Qe7 13. Nd2 Qxe5 14. c3 f6 15. Nf3 Qd6 16.
Nd4 c5 17. Nf5 Qd7 18. c4 g6 19. Ng3 Nxg3 20. hxg3 f5 21. Qxd5 Qxd5 22. cxd5
Ke7 23. Rfd1 Rab8 24. b3 Rb4 25. Rac1 Kd6 26. Rc4 Re8 27. Rxb4 cxb4 28. Kf2 Re5
29. Rd4 a5 30. Kf3 Rxd5 31. Rxd5+ Kxd5 32. Kf4 h6 33. g4 fxg4 34. Kxg4 Ke4 0-1

[Event "Wellington Club Championship - Open Swiss"]
[Site "Wellington Chess Club"]
[Date "2023.11.16"]
[Round "8.6"]
[White "Sole, Michael"]
[Black "Henrys, Francis"]
[Result "1-0"]
[WhiteElo "2130"]
[BlackElo "1690"]
[PlyCount "59"]
[EventDate "2023.??.??"]

1. d4 d5 2. c4 e6 3. Nf3 c6 4. Nbd2 g6 5.
g3 Bg7 6. Bg2 Ne7 7. O-O O-O 8. e3 Nd7 9. Qc2 b6 10. Rd1 Ba6 11. b3 Rc8 12. Bb2
c5 13. dxc5 bxc5 14. Bxg7 Kxg7 15. Rac1 Nf5 16. e4 Nd4 17. Nxd4 cxd4 18. exd5
exd5 19. Bxd5 Nf6 20. Bg2 Rc7 21. Nf3 Rd7 22. Qb2 d3 23. Ne5 Rd6 24. Qc3 Bc8
25. Rxd3 Re8 26. Rcd1 Rxd3 27. Nxd3 Bf5 28. Bf3 Kg8 29. Nf4 Qe7 30. Nd5 1-0

[Event "Wellington Club Championship - Open Swiss"]
[Site "Wellington Chess Club"]
[Date "2023.11.16"]
[Round "8.7"]
[White "Mavaram, Eashan"]
[Black "Ulm, Eric"]
[Result "1/2-1/2"]
[WhiteElo "1525"]
[BlackElo "1433"]
[PlyCount "45"]
[EventDate "2023.??.??"]

1. e4
e6 2. d4 d5 3. e5 c5 4. Nf3 cxd4 5. Nxd4 Nc6 6. Bb5 Bd7 7. Bxc6 bxc6 8. f4 Qb6
9. O-O c5 10. Nf3 Ne7 11. Ng5 g6 12. c4 d4 13. Ne4 Bg7 14. Nd6+ Kf8 15. Qf3 Bc6
16. Qh3 Nf5 17. Nxf5 exf5 18. Nd2 Re8 19. Nb3 a5 20. a4 Be4 21. Bd2 Ra8 22. Qg3
Bh6 23. Qh4 1/2-1/2

[Event "Wellington Club Championship - Open Swiss"]
[Site "Wellington Chess Club"]
[Date "2023.11.16"]
[Round "8.8"]
[White "Joseph, Joji Chacko"]
[Black "Tan, Jin"]
[Result "0-1"]
[WhiteElo "1305"]
[BlackElo "1236"]
[PlyCount "60"]
[EventDate "2023.??.??"]

1. e4 e5 2. Nf3 Nc6 3. d4 exd4 4. Nxd4 Bc5 5. Be3 Qf6 6. c3 Nge7 7.
Bc4 a6 8. a4 d6 9. O-O Ne5 10. Be2 Qh4 11. f4 N5c6 12. Rf3 Bg4 13. Rg3 Bxe2 14.
Nxe2 Bxe3+ 15. Rxe3 O-O-O 16. Nd2 d5 17. Nf3 Qh6 18. Qb3 Qg6 19. e5 Nf5 20. Rd3
Nh4 21. Nxh4 Qxd3 22. Kf2 Na5 23. Qd1 Qxd1 24. Rxd1 Nb3 25. Nf5 g6 26. Ne7+ Kb8
27. f5 gxf5 28. Nxf5 Rhe8 29. Nh6 Rxe5 30. Nxf7 Rf5+ 0-1

[Event "Wellington Club Championship - Open Swiss"]
[Site "Wellington Chess Club"]
[Date "2023.11.16"]
[Round "8.9"]
[White "Saglam, Azra Sena"]
[Black "Frost, Paul"]
[Result "1-0"]
[WhiteElo "1546"]
[BlackElo "1818"]

1. c4 Nc6 2. Nc3 f5 3. g3 Nf6 4. Bg2 g6 5. d3 Bg7 6. Nf3 b6 7. O-O Bb7 8. Bd2
e6 9. Ne5 Qe7 10. Nb5 O-O-O 11. Nxc6 dxc6 12. Nxa7+ Kd7 13. Qa4 Rb8 14. Bxc6+
Bxc6 15. Nxc6 b5 16. cxb5 Ra8 17. Qb4 Qxb4 18. Bxb4 Nd5 19. Bc3 Bxc3 20. bxc3
Nxc3 21. a4 Nxe2+ 22. Kg2 Nc3 23. Rfc1 Rxa4 24. Rxa4 Nxa4 25. Ne5+ Kc8 26. Rc6
Re8 27. Nc4 Kd8 28. b6 cxb6 29. Nxb6 Nxb6 30. Rxb6 Kc7 31. Rb2 Rd8 32. Re2 Kd6
33. Kf3 e5 34. Ke3 Ke6 35. f4 exf4+ 36. Kxf4+ Kf6 37. Ke3 Re8+ 38. Kf3 Rxe2 39.
Kxe2 Ke5 40. Ke3 g5 41. d4+ Kd5 42. h4 h6 43. hxg5 hxg5 44. Kd3 Ke6 45. Kc4 Kd6
46. d5 Ke5 47. Kc5 f4 48. gxf4+ gxf4 49. d6 Ke6 50. Kc6 f3 51. d7 Ke5 52. d8=Q
Ke4 53. Qd2 Kf5 54. Kd5 Kg4 55. Qf2 Kf4 56. Kd4 Kg4 57. Ke4 Kg5 58. Qxf3 Kg6
59. Ke5 Kg7 60. Ke6 Kg8 61. Ke7 Kg7 62. Qg4+ Kh6 63. Kf6 Kh7 64. Qg7# 1-0

[Event "Wellington Club Championship - Open Swiss"]
[Site "Wellington Chess Club"]
[Date "2023.11.16"]
[Round "8.10"]
[White "Brockway, Andrew"]
[Black "Saglam, Yigit"]
[Result "0-1"]
[WhiteElo "1675"]
[BlackElo "1775"]
[PlyCount "50"]
[EventDate "2023.??.??"]

1. e4 c5 2. Nc3
Nc6 3. f4 d6 4. Nf3 g6 5. Bb5 Bg7 6. O-O Nh6 7. d3 O-O 8. Qe1 Nd4 9. Nxd4 cxd4
10. Ne2 Qc7 11. Bc4 e5 12. h3 Be6 13. f5 gxf5 14. Bxh6 Bxh6 15. Kh1 f4 16. Qh4
Bg7 17. Ng1 Bxc4 18. dxc4 Qxc4 19. Nf3 Qe6 20. Rfc1 Rac8 21. Qe1 d5 22. exd5
Qxd5 23. Ng5 h6 24. Ne4 f5 25. Nf2 f3 0-1

[Event "Wellington Club Championship - Open Swiss"]
[Site "Wellington Chess Club"]
[Date "2023.11.16"]
[Round "8.12"]
[White "Ulm, Joy"]
[Black "Stoeveken"]
[Result "1-0"]
[WhiteElo "1743"]
[BlackElo "1664"]
[PlyCount "80"]
[SourceVersionDate "2023.11.17"]

1. d4 c5 2. d5 d6 3. c4 e5 4.
e4 f5 5. Nc3 Nf6 6. Bd3 f4 7. g3 fxg3 8. hxg3 Be7 9. Bd2 Bg4 10. Qc2 Na6 11. a3
Nc7 12. f3 Bd7 13. f4 a6 14. a4 Rb8 15. Nf3 Ng4 16. a5 O-O 17. Nh2 Nh6 18.
O-O-O b5 19. axb6 Rxb6 20. Rdf1 a5 21. fxe5 Rxf1+ 22. Rxf1 dxe5 23. Nf3 Ng4 24.
Na4 Rg6 25. b3 Na6 26. Qb2 Bxa4 27. bxa4 Rb6 28. Bxa5 Bg5+ 29. Nxg5 Qxg5+ 30.
Qd2 Qxd2+ 31. Bxd2 Rb3 32. Kc2 Ra3 33. d6 Ra2+ 34. Kd1 Ra1+ 35. Kc2 Ra2+ 36.
Kc1 Nb8 37. a5 Nf6 38. Bc3 Nbd7 39. Bc2 Rxc2+ 40. Kxc2 Nxe4 1-0

[Event "Wellington Club Championship - Open Swiss"]
[Site "Wellington Chess Club"]
[Date "2023.11.23"]
[Round "9.1"]
[White "Chang, Luke"]
[Black "Sole, Michael"]
[Result "1-0"]
[WhiteElo "1632"]
[BlackElo "2130"]

1. e4 e5 2. Nf3 Nc6 3. Bb5 Nf6 4. O-O Nxe4 5. d4 Nd6 6. Bxc6 dxc6 7. dxe5 Nf5
8. Qxd8+ Kxd8 9. Nc3 a5 10. h3 a4 11. g4 Ne7 12. Ng5 Ke8 13. f4 h5 14. f5 hxg4
15. hxg4 Rh4 16. Rf4 a3 17. b4 g6 18. Nge4 Ng8 19. fxg6 Rxg4+ 20. Rxg4 Bxg4 21.
gxf7+ Kxf7 22. Be3 Bg7 23. Rf1+ Kg6 24. Bd4 Rd8 25. Rf4 Be6 26. Nc5 Bc8 27. Ne2
Bh6 28. Rf3 b6 29. Nd3 Bg4 30. Nef4+ Kh7 31. Rg3 Bf5 32. c3 Ne7 33. Nh5 Ng6 34.
Nf6+ Kg7 35. e6 Bxe6 36. Ne5 Bf5 37. Nxc6 Rxd4 38. Nh5+ Kf7 39. Nxd4 Bb1 40.
Rg2 Be3+ 41. Kh2 Bc1 42. Rg1 Bb2 43. Rxb1 Bxc3 44. Nf3 Ne7 45. Nf4 Nc6 46. Rc1
Bb2 47. Rxc6 b5 48. Nd3 Ke8 49. Nxb2 axb2 50. Nd2 Kd7 51. Rc2 Ke6 52. Rxb2 1-0

[Event "Wellington Club Championship - Open Swiss"]
[Site "Wellington Chess Club"]
[Date "2023.11.23"]
[Round "9.2"]
[White "Marney, John"]
[Black "Forster, Bill"]
[Result "0-1"]
[WhiteElo "1658"]
[BlackElo "2016"]
[PlyCount "40"]
[EventDate "2023.??.??"]

1. e4 e5 2. Nf3 Nc6 3. Bc4 Be7 4.
d4 d6 5. c3 Nf6 6. Nbd2 O-O 7. Bb3 Bg4 8. Bc2 exd4 9. h3 Bxf3 10. Qxf3 dxc3 11.
Qxc3 d5 12. exd5 Bb4 13. Qd3 Re8+ 14. Kf1 Qe7 15. g3 Rad8 16. Qb5 Rxd5 17. Qxb7
Nd8 18. Qxa7 Bc5 19. Qa6 Qe1+ 20. Kg2 Qxf2# 0-1

[Event "Wellington Club Championship - Open Swiss"]
[Site "Wellington Chess Club"]
[Date "2023.11.23"]
[Round "9.4"]
[White "Sova, Leo"]
[Black "Aldridge, Alan"]
[Result "0-1"]
[WhiteElo "1645"]
[BlackElo "1894"]

1. e4 e5 2. Nf3 Nc6 3. Bc4 Bc5 4. c3 Nf6 5. d3 d6 6. b4 Bb6 7. O-O h6 8. a4 a6
9. h3 O-O 10. Nbd2 Re8 11. Re1 Qe7 12. Bb2 Nd8 13. a5 Ba7 14. Nf1 Ne6 15. Ng3
Nf4 16. Ne2 N6h5 17. Kf1 Nxh3 18. gxh3 Bxh3+ 19. Kg1 Qf6 20. Ng3 Nxg3 21. Kh2
Nh5 22. Kxh3 Nf4+ 23. Kh2 Qg6 24. Nh4 Qg5 25. Qf3 Qxh4+ 26. Kg1 Bxf2+ 0-1

[Event "Wellington Club Championship - Open Swiss"]
[Site "Wellington Chess Club"]
[Date "2023.11.23"]
[Round "9.5"]
[White "Katkodia, Ali"]
[Black "Osborne, Geoff"]
[Result "1-0"]
[WhiteElo "1609"]
[BlackElo "1434"]

1. e4 e5 2. Nf3 Nc6 3. Bc4 Nf6 4. d3 h6 5. O-O Na5 6. Nxe5 Nxc4 7. Nxc4 d6 8.
Nc3 Be6 9. b3 d5 10. exd5 Nxd5 11. Bb2 Nxc3 12. Bxc3 Bc5 13. Bxg7 Rg8 14. Bxh6
Qd5 15. g3 Bh3 16. Qe2+ Kd8 17. Ne3 Qc6 18. Rfe1 Kd7 19. Qh5 Be6 20. Nc4 Bd4
21. c3 Bxc4 22. dxc4 Bxf2+ 23. Kxf2 Qf6+ 24. Kg1 Rae8 25. Rxe8 Rxe8 26. Qb5+ c6
27. Qxb7+ 1-0

[Event "Wellington Club Championship - Open Swiss"]
[Site "Wellington Chess Club"]
[Date "2023.11.23"]
[Round "9.6"]
[White "Tan, Jin"]
[Black "Saglam, Yigit"]
[Result "1/2-1/2"]
[WhiteElo "1236"]
[BlackElo "1775"]

1. e4 c5 2. Nf3 Nc6 3. Bb5 g6 4. O-O Bg7 5. d3 Nf6 6. Be3 d6 7. c3 O-O 8. h3
Qb6 9. Qa4 a6 10. Bxc6 Qxb2 11. Bxb7 Bxb7 12. Qb3 Qxb3 13. axb3 Nd7 14. Ra2 h6
15. c4 Nb8 16. Rc2 Nc6 17. Bd2 a5 18. Na3 Nb4 19. Bxb4 axb4 20. Nb5 Bc6 21. Nc7
Ra3 22. Rb1 e6 23. Rd2 Bc3 24. Rdd1 Rc8 25. Nb5 Bxb5 26. cxb5 Rb8 27. d4 Rxb5
28. dxc5 dxc5 29. Nd2 Bd4 30. Kf1 Ra2 31. f3 Rb8 32. Nc4 Rf2+ 33. Kg1 Rxf3+ 34.
Rxd4 Rxb3 35. Rxb3 cxd4 36. Nb2 e5 37. Nd3 f6 38. Rxb4 Rxb4 39. Nxb4 Kf7 40.
Kf2 Ke6 41. Ke2 h5 42. Nd3 Kd6 43. Ne1 Kc5 44. Kd3 Kd6 45. Nf3 g5 46. g3 Ke6
47. g4 hxg4 48. hxg4 Kd6 49. Nd2 Kc5 50. Nb3+ Kd6 51. Kc4 Kc6 {Draw agreed}
1/2-1/2

[Event "Wellington Club Championship - Open Swiss"]
[Site "Wellington Chess Club"]
[Date "2023.11.23"]
[Round "9.7"]
[White "Farrington, Lawrence"]
[Black "Saglam, Azra Sena"]
[Result "1-0"]
[WhiteElo "1506"]
[BlackElo "1546"]

1. d4 Nf6 2. c4 e6 3. Nc3 Bb4 4. e3 c5 5. Bd3 Bxc3+ 6. bxc3 O-O 7. Nf3 d6 8.
O-O Nc6 9. e4 Qc7 10. Re1 Nd7 11. Be3 b6 12. Qc2 h6 13. Nd2 e5 14. d5 Ne7 15.
a4 Nf6 16. Be2 Ng4 17. Bxg4 Bxg4 18. f3 Bd7 19. Nf1 f5 20. Bf2 Rf7 21. Ng3 Raf8
22. Rf1 g5 23. h3 Ng6 24. Be1 Qc8 25. Kh2 Nf4 26. exf5 Bxf5 27. Nxf5 Qxf5 28.
Qxf5 Rxf5 29. Bd2 Nd3 30. Kg1 Nb2 31. Be3 Nxc4 32. Rae1 a6 33. Bc1 b5 34. Re4
Nb6 35. axb5 axb5 36. Rd1 Na4 37. Bd2 Nb2 38. Ra1 Nc4 39. Be1 Rf4 40. Re2 Rb8
41. Bg3 Rf7 42. Rea2 Rfb7 43. Ra6 Rb6 44. Be1 Ne3 45. Rxb6 Rxb6 46. Rb1 Nxd5
47. c4 Nc7 48. Ba5 Rb7 49. Bxc7 Rxc7 50. Rxb5 Kf7 51. Rb6 Ke7 52. Kf2 Kf6 53.
Rxd6+ Kg7 54. Rd5 Ra7 55. Rxe5 1-0

[Event "Wellington Club Championship - Open Swiss"]
[Site "Wellington Chess Club"]
[Date "2023.11.23"]
[Round "9.8"]
[White "Ashe, Michael"]
[Black "Mavaram, Eashan"]
[Result "0-1"]
[WhiteElo "1707"]
[BlackElo "1525"]

1. d4 Nf6 2. c4 e6 3. Nc3 Bb4 4. f3 d5 5. a3 Bxc3+ 6. bxc3 O-O 7. cxd5 exd5 8.
e3 Bf5 9. Ne2 Qd6 10. a4 Qd7 11. Nf4 Re8 12. c4 Qd6 13. Qb3 Qxf4 14. Qxb7 Qxd4
15. Qxa8 Qxa1 16. Kd1 Qxa4+ 17. Ke1 Qb4+ 18. Kf2 Qb6 19. cxd5 Bc8 0-1

[Event "Wellington Club Championship - Open Swiss"]
[Site "Wellington Chess Club"]
[Date "2023.11.23"]
[Round "9.10"]
[White "Henrys, Francis"]
[Black "Joseph, Joji Chacko"]
[Result "1-0"]
[WhiteElo "1690"]
[BlackElo "1305"]

1. e4 e5 2. Nf3 Nc6 3. d4 exd4 4. Nxd4 Be7 5. Nc3 Nf6 6. Bf4 Nxd4 7. Qxd4 d6 8.
Be2 O-O 9. O-O-O Be6 10. f3 a6 11. h4 Nh5 12. Be3 Bxh4 13. e5 g5 14. g4 Ng3 15.
Rh2 Nxe2+ 16. Rxe2 Bg3 17. exd6 Bxd6 18. Ne4 Be7 19. Qc3 Bd5 20. Bc5 f6 21.
Bxe7 Qxe7 22. Rxd5 c6 23. Rf5 Rf7 24. Nxf6+ 1-0

[Event "Wellington Club Championship - Open Swiss"]
[Site "Wellington Chess Club"]
[Date "2023.11.23"]
[Round "9.12"]
[White "Stoeveken, Peter"]
[Black "Qu, Lucas"]
[Result "1-0"]
[WhiteElo "1743"]
[BlackElo "1628"]

1. d4 d5 2. c4 e6 3. Nf3 Nc6 4. Nc3 Bb4 5. a3 Bxc3+ 6. bxc3 Nf6 7. Bg5 h6 8.
Bh4 g5 9. Bg3 Ne4 10. Qc2 h5 11. h3 Nxg3 12. fxg3 Qd6 13. Kf2 Ne7 14. c5 Qd8
15. e4 f6 16. exd5 exd5 17. Bd3 Kf8 18. Rhf1 Kg7 19. Kg1 c6 20. Rf2 Qc7 21.
Raf1 Qxg3 22. Nh2 Bxh3 23. Rf3 Qxg2+ 24. Qxg2 Bxg2 25. Kxg2 Rhf8 26. Rh3 h4 27.
Re1 Ng6 28. Bxg6 Kxg6 29. Rhe3 Rf7 30. Kf3 f5 31. Nf1 f4 32. Re5 Kh5 33. Nh2
Rg8 34. Ng4 Rgg7 35. Re6 Rg6 36. Re8 Rh7 37. R1e7 Rgg7 38. Nf6+ Kg6 39. Nxh7
Kxh7 40. Rxg7+ Kxg7 41. Kg4 Kf7 42. Re5 Kf6 43. Rxg5 h3 44. Rh5 f3 45. Kxf3 Ke7
46. Rxh3 Kd8 47. Ke2 b6 48. cxb6 axb6 49. Rh7 Kc8 50. Kf3 Kb8 51. Kf4 Ka8 52.
Ke5 Kb8 53. Kd6 Kc8 54. Kxc6 Kd8 55. Kd6 1-0

[Event "Wellington Club Championship - Open Swiss"]
[Site "Wellington Chess Club"]
[Date "2023.11.23"]
[Round "9.13"]
[White "Hupert, Leo"]
[Black "Ulm, Joy"]
[Result "1/2-1/2"]
[WhiteElo "1350"]
[BlackElo "1664"]
[PlyCount "69"]
[EventDate "2023.??.??"]

1. e4 e5 2. Nf3
Nc6 3. Nc3 Nf6 4. a3 Bc5 5. h3 d6 6. Bc4 O-O 7. d3 h6 8. Ne2 Re8 9. Ng3 d5 10.
Bb3 dxe4 11. dxe4 Qxd1+ 12. Kxd1 b6 13. Be3 Bxe3 14. fxe3 Bb7 15. Nd2 Rad8 16.
Ke2 Re7 17. Rad1 Red7 18. Bc4 Na5 19. Bd3 c5 20. Bb5 Rc7 21. Bc4 Nxc4 22. Nxc4
Rxd1 23. Rxd1 Nxe4 24. Nxe4 Bxe4 25. Rd8+ Kh7 26. Nxe5 Bxg2 27. h4 Re7 28. Nd7
Bc6 29. Nf8+ Kg8 30. Nd7+ Kh7 31. Nf8+ Kg8 {draw offered and accepted 1/2 1/2
(White missed} 32. Ng6+ Re8 33. Ne7+ Kf8 34. Nxc6 Rxd8 35. Nxd8 {)} 1/2-1/2

[Event "Wellington Club Championship - Open Swiss"]
[Site "Wellington Chess Club"]
[Date "2023.11.23"]
[Round "9.14"]
[White "Asher, Bruce"]
[Black "He, Zachary"]
[Result "0-1"]
[WhiteElo "1206"]
[BlackElo "1150"]

1. e4 e6 2. Nc3 d5 3. Nf3 d4 4. Nb5 Nc6 5. c3 e5 6. cxd4 exd4 7. Bc4 Bc5 8. d3
a6 9. Na3 Nge7 10. Bd2 O-O 11. O-O Ng6 12. Ng5 h6 13. Nxf7 Rxf7 14. Bxf7+ Kxf7
15. Qf3+ Qf6 16. Qxf6+ Kxf6 17. f4 Ke7 18. f5 Nge5 19. Bf4 Nxd3 20. Bxc7 Nxb2
21. Rf3 Bxa3 22. Rxa3 Nc4 23. Rf3 Kd7 24. Bf4 b5 25. Rc1 Bb7 26. Bg3 Re8 27.
Bh4 Rxe4 28. g3 N6e5 29. Rf2 Nd3 30. f6 gxf6 31. Rxf6 Nxc1 32. Rf7+ Kc6 33.
Rf6+ Kd5 34. Rxh6 d3 35. Bg5 Rg4 36. Bxc1 Nb2 37. Bxb2 d2 38. Rh5+ Kc4 39. Kf2
d1=Q 40. Rf5 Qc2+ 41. Kf1 Qxf5+ 0-1